Shadows of Self / (Record no. 5634)

MARC details
000 -LEADER
fixed length control field 00568nam a22001937a 4500
003 - CONTROL NUMBER IDENTIFIER
control field OSt
005 - DATE AND TIME OF LATEST TRANSACTION
control field 20251106084111.0
008 - FIXED-LENGTH DATA ELEMENTS--GENERAL INFORMATION
fixed length control field 251106b |||||||| |||| 00| 0 eng d
020 ## - INTERNATIONAL STANDARD BOOK NUMBER
International Standard Book Number 978-07653-7856-9
040 ## - CATALOGING SOURCE
Original cataloging agency DWCL - Main Lib
Transcribing agency OC
082 ## - DEWEY DECIMAL CLASSIFICATION NUMBER
Classification number F S194s 2016
100 ## - MAIN ENTRY--PERSONAL NAME
Personal name Brandon, Sanderson
245 ## - TITLE STATEMENT
Title Shadows of Self /
Statement of responsibility, etc. Sanderson Brandon
260 ## - PUBLICATION, DISTRIBUTION, ETC.
Place of publication, distribution, etc. New York City, New York :
Name of publisher, distributor, etc. Tom Doherty Associates LLC,
Date of publication, distribution, etc. c2016.
300 ## - PHYSICAL DESCRIPTION
Extent 445 pages ;
Dimensions 17cm.
490 ## - SERIES STATEMENT
Series statement Mistborn: Wax & Wayne Series
650 ## - SUBJECT ADDED ENTRY--TOPICAL TERM
Topical term or geographic name entry element 1. Fiction - Novel
942 ## - ADDED ENTRY ELEMENTS (KOHA)
Source of classification or shelving scheme Dewey Decimal Classification
Koha item type Fiction
Call number suffix F
Suppress in OPAC No
952 ## - LOCATION AND ITEM INFORMATION (KOHA)
--
Holdings
Withdrawn status Lost status Source of classification or shelving scheme Damaged status Not for loan Home library Current library Shelving location Date acquired Source of acquisition Cost, normal purchase price Total Checkouts Full call number Barcode Date last seen Copy number Cost, replacement price Price effective from Koha item type Uniform Resource Identifier
    Dewey Decimal Classification     Junior High School Library Junior High School Library Fiction 03/09/2023 Library Fund 349.00   F S194s 2016 JHS - 21100 11/06/2025 c1 349.00 11/06/2025 FIC.